000 00598nam a22001937a 4500
999 _c1672
_d1672
003 AR-CdUCM
008 190227b ||||| |||| 00| 0 spa d
040 _aMUNICIPALIDAD PROVINCIAL DEL CUSCO
_cBIBLIOTECA MUNICIPAL DEL CUSCO
082 _a869.56 /
_bB94
100 _aBurneo Reyes, Yván Alberto
_96209
245 _aSecretos divulgados /
260 _aLima :
_bMarker´s ediciones gráficas,
_c1989.
300 _a93 páginas ;
_c20 cm.
500 _aEdición auspiciada por el CONCYTEC.
650 _aLiteratura peruana
_9169
650 _aPoesía
_9139
942 _2ddc
_cLIBROS
945 _azta